000 00236nam a2200109Ia 4500
008 240625s9999 xx 000 0 und d
041 _aeng
082 _a823 BHA
100 _aBHAGAT CHETAN
245 _aREVOLUTION 2020
365 _cRS
_b5
999 _c32861
_d32861